000 00593nam a2200229Ia 4500
003 OSt
005 20220918192754.0
006 a|||||r|||| 00| 0
007 ta
008 220917b |||||||| |||| 00| 0 eng d
024 _a70,197
037 _cTextual
040 _aARTS
_cARTS
_beng
041 _2eng
_aeng
082 _aR33, L1
100 _aCornman James W
_977549
245 0 _aMaterialism and sensations
260 _aNew Haven
_bYale University Press Uk
_c1971
300 _a352p.
_ccm.
942 _hR33, L1
_cTEXL
_2CC
999 _c196296
_d196296